<?xml version="1.0" encoding="UTF-8"?>
<record
    xmlns:xsi="http://www.w3.org/2001/XMLSchema-instance"
    xsi:schemaLocation="http://www.loc.gov/MARC21/slim http://www.loc.gov/standards/marcxml/schema/MARC21slim.xsd"
    xmlns="http://www.loc.gov/MARC21/slim">

  <leader>02943cam a2200277 a 4500</leader>
  <controlfield tag="001">4641351</controlfield>
  <controlfield tag="003">CaAEU</controlfield>
  <controlfield tag="005">20260121121609.0</controlfield>
  <controlfield tag="008">071002s2010    enka     b    001 0 eng  </controlfield>
  <datafield tag="020" ind1=" " ind2=" ">
    <subfield code="a">9780230555365</subfield>
  </datafield>
  <datafield tag="040" ind1=" " ind2=" ">
    <subfield code="a">UKM</subfield>
    <subfield code="c">UKM</subfield>
    <subfield code="d">YDXCP</subfield>
    <subfield code="d">BTCTA</subfield>
    <subfield code="d">BAKER</subfield>
    <subfield code="d">UBC</subfield>
    <subfield code="d">BWKUK</subfield>
    <subfield code="d">BWK</subfield>
    <subfield code="d">HEBIS</subfield>
    <subfield code="d">CDX</subfield>
    <subfield code="d">BWX</subfield>
    <subfield code="d">AEU</subfield>
  </datafield>
  <datafield tag="041" ind1=" " ind2=" ">
    <subfield code="a">eng</subfield>
  </datafield>
  <datafield tag="050" ind1=" " ind2="4">
    <subfield code="a">HD9999.L852</subfield>
    <subfield code="b">O36 2010</subfield>
  </datafield>
  <datafield tag="100" ind1=" " ind2=" ">
    <subfield code="a">Okonkwo, Uch&#xE9;</subfield>
    <subfield code="9">21410</subfield>
    <subfield code="e">author</subfield>
  </datafield>
  <datafield tag="245" ind1="1" ind2="0">
    <subfield code="a">Luxury online :</subfield>
    <subfield code="b">styles, systems, strategies /</subfield>
    <subfield code="c">Uch&#xE9; Okonkwo.</subfield>
  </datafield>
  <datafield tag="260" ind1=" " ind2=" ">
    <subfield code="a">Basingstoke :</subfield>
    <subfield code="b">Palgrave Macmillan,</subfield>
    <subfield code="c">2010.</subfield>
  </datafield>
  <datafield tag="300" ind1=" " ind2=" ">
    <subfield code="a">xxiv, 360 pages :</subfield>
    <subfield code="b">illustrations (chiefly color) ;</subfield>
    <subfield code="c">24 cm.</subfield>
  </datafield>
  <datafield tag="504" ind1=" " ind2=" ">
    <subfield code="a">Includes bibliographical references and index.</subfield>
  </datafield>
  <datafield tag="520" ind1=" " ind2=" ">
    <subfield code="a">Luxury is online but is not yet in line. Did you notice? As an industry that is known for avant-gardism, it remains a surprise that luxury is playing catch-up in embracing the e-culture and adopting technology. Luxury brands have been locked in a love-hate relationship with technology since it became apparent that the Internet is here to stay. But after two decades of the World Wide Web, this scenery ought to change. Today, the question of 'why' luxury should be online is no longer relevant but the current issue is 'how' luxury should present itself online, particularly as consumers take charge of their virtual experiences. Although the likes of Louis Vuitton, Gucci, Cartier and the Ritz Carlton are paving the way for luxury brands to move beyond the anti-internet stance, the journey remains long and challenge-ridden." "As the most powerful marketing tool that will drive luxury forward in the next century, the internet has become indispensible for brand reinforcement, breaking into new territories, engaging clients and demonstrating overall value. This is both exciting and worrying and requires luxury to operate in a new world order where nothing is as it has been." "What does luxury require to excel in this new world? Getting its acts together by embracing technology in all of its beauty and opportunities and adopting advanced strategies for excellence online." "Luxury Online is not about exalting or crucifying luxury brands but addresses bottom-line luxury business issues in the context of the internet, digital media and new technologies. It is an eye-opener that reveals the approaches to overcoming digital luxury challenges while meeting the business requirements of the 21st century. Its recommendations will lead to long-term client affiliation, business growth and sustainable brand value, even as luxury online strives to come of age.</subfield>
  </datafield>
  <datafield tag="630" ind1=" " ind2="0">
    <subfield code="a">&#x200B;&#x200B;MSc Fashion &amp; Luxury Marketing - Integrated Marketing Communications&#x200B; </subfield>
    <subfield code="9">26042</subfield>
  </datafield>
  <datafield tag="630" ind1=" " ind2="0">
    <subfield code="a">&#x200B;&#x200B;MSc Fashion &amp; Luxury Marketing - Designing &amp; implementing Marketing strategies in Fashion &amp; Luxury markets&#x200B;</subfield>
    <subfield code="9">26044</subfield>
  </datafield>
  <datafield tag="650" ind1=" " ind2="0">
    <subfield code="a">Luxury goods industry</subfield>
    <subfield code="9">7363</subfield>
  </datafield>
  <datafield tag="650" ind1=" " ind2="0">
    <subfield code="a">Luxuries </subfield>
    <subfield code="x">Marketing</subfield>
    <subfield code="9">7147</subfield>
  </datafield>
  <datafield tag="650" ind1=" " ind2="0">
    <subfield code="a">Electronic commerce</subfield>
    <subfield code="9">1263</subfield>
  </datafield>
  <datafield tag="942" ind1=" " ind2=" ">
    <subfield code="2">lcc</subfield>
  </datafield>
  <datafield tag="952" ind1=" " ind2=" ">
    <subfield code="0">0</subfield>
    <subfield code="1">0</subfield>
    <subfield code="4">0</subfield>
    <subfield code="7">0</subfield>
    <subfield code="8">CT</subfield>
    <subfield code="a">TBS</subfield>
    <subfield code="b">TBS</subfield>
    <subfield code="c">81</subfield>
    <subfield code="d">2017-06-28</subfield>
    <subfield code="l">0</subfield>
    <subfield code="o">HD9999 OKO</subfield>
    <subfield code="p">B01508</subfield>
    <subfield code="r">2022-03-22</subfield>
    <subfield code="w">2023-03-05</subfield>
    <subfield code="y">1</subfield>
  </datafield>
  <datafield tag="952" ind1=" " ind2=" ">
    <subfield code="0">0</subfield>
    <subfield code="1">0</subfield>
    <subfield code="4">0</subfield>
    <subfield code="5">13</subfield>
    <subfield code="7">4</subfield>
    <subfield code="8">CT</subfield>
    <subfield code="a">TBS</subfield>
    <subfield code="b">TBS</subfield>
    <subfield code="c">81</subfield>
    <subfield code="d">2019-02-07</subfield>
    <subfield code="l">0</subfield>
    <subfield code="o">HD9999 OKO</subfield>
    <subfield code="p">B01509</subfield>
    <subfield code="r">2023-03-21</subfield>
    <subfield code="w">2023-03-05</subfield>
    <subfield code="y">1</subfield>
  </datafield>
  <datafield tag="999" ind1=" " ind2=" ">
    <subfield code="c">1756</subfield>
    <subfield code="d">1756</subfield>
  </datafield>
</record>
